Central Library OPAC University of Rajshahi

Form and style in poetry : lectures and notes / (Record no. 10046)

MARC details
000 -LEADER
fixed length control field 00773cam a2200253 4500
001 - CONTROL NUMBER
control field 10046
003 - CONTROL NUMBER IDENTIFIER
rucl marc code BD-RjUL
005 - DATE AND TIME OF LATEST TRANSACTION
control field 20211208234902.0
008 - FIXED-LENGTH DATA ELEMENTS--GENERAL INFORMATION
fixed length control field 191205s1966e e a b 001 0 eng d
035 ## - SYSTEM CONTROL NUMBER
System control number (BD-RjUL) 10093
040 ## - CATALOGING SOURCE
Original cataloging agency DLC
Transcribing agency DLC
Modifying agency DLC
-- (BD-RjUL)
Language of cataloging eng
041 ## - LANGUAGE CODE
Language code of text/sound track or separate title eng
082 00 - DEWEY DECIMAL CLASSIFICATION NUMBER
Classification number 821.1
Author mark and year KEF 1966
Edition number 23
100 1# - MAIN ENTRY--PERSONAL NAME
Personal name Ker, W.P.
9 (RLIN) 31005
245 10 - TITLE STATEMENT
Title Form and style in poetry : lectures and notes /
Statement of responsibility, etc. W P Ker edited by R.W. Chambers ; with an introduction by John Buxton
260 ## - PUBLICATION, DISTRIBUTION, ETC. (IMPRINT)
Place of publication, distribution, etc. London :
Name of publisher, distributor, etc. Macmillan,
Date of publication, distribution, etc. 1966
300 ## - PHYSICAL DESCRIPTION
Pagination xx, 384 pages :
Illustrations ill. ;
Size 21 cm. :
504 ## - BIBLIOGRAPHY, ETC. NOTE
Bibliography, etc Includes bibliographies.
650 ## - SUBJECT ADDED ENTRY--TOPICAL TERM
Topical term or geographic name as entry element English poetry
9 (RLIN) 236016
700 ## - ADDED ENTRY--PERSONAL NAME
Personal name Chambers, R.W.
942 ## - ADDED ENTRY ELEMENTS (KOHA)
Source of classification or shelving scheme Dewey Decimal Classification
Koha item type Books
Holdings
Lost status Source of classification or shelving scheme Damaged status Not for loan Collection code Permanent Location Current Location Shelving location Date acquired Source of acquisition Cost, normal purchase price Total Checkouts Full call number Date last seen Copy number Koha item type
  Dewey Decimal Classification   Not For Loan Non-fiction Central Library, University of Rajshahi Central Library, University of Rajshahi Reading Room 24/10/1968 Zeitlinger 35.00   821.1 KEF 1966 05/12/2019 C-1 Books
  Dewey Decimal Classification     Non-fiction Central Library, University of Rajshahi Central Library, University of Rajshahi   24/10/1968 Zeitlinger 35.00   821.1 KEF 1966 05/12/2019 C-2 Books
  Dewey Decimal Classification     Non-fiction Central Library, University of Rajshahi Central Library, University of Rajshahi   24/10/1968 Zeitlinger 35.00   821.1 KEF 1966 05/12/2019 C-3 Books
  Dewey Decimal Classification     Non-fiction Central Library, University of Rajshahi Central Library, University of Rajshahi   24/10/1968 Zeitlinger 35.00   821.1 KEF 1966 05/12/2019 C-4 Books
  Dewey Decimal Classification     Non-fiction Central Library, University of Rajshahi Central Library, University of Rajshahi   24/10/1968 Zeitlinger 35.00   821.1 KEF 1966 05/12/2019 C-5 Books